Historic Properties: Preservation and Valuation Process, Third Edition /

Gespeichert in:
Bibliographische Detailangaben
1. Verfasser: Reynolds, Judith (Verfasst von)
Format: Buch
Sprache:Englisch
Veröffentlicht: Chicago: Appraisal Institute, 2006
Ausgabe:3. vyd.
Schlagworte:
Tags: Tag hinzufügen
Keine Tags, Fügen Sie das erste Tag hinzu!

MARC

LEADER 00000nam a22000003a 4500
001 0078945
003 SK-STU
005 20200107093652.9
007 ta
008 200107s ----xo-----e------000-0-----d
020 |a 0-922154-87-2 
040 |a STU  |b slo 
041 0 |a eng  |h eng 
044 |a xxu 
100 1 |a Reynolds, Judith  |4 aut  |r Z6 
245 1 0 |a Historic Properties:  |b Preservation and Valuation Process, Third Edition /  |c aut. Judith Reynolds 
250 |a 3. vyd. 
260 |a Chicago:  |b Appraisal Institute,  |c 2006 
300 |a 182 s. 
650 0 7 |a historic value 
650 0 7 |a preservation 
650 0 7 |a valuation process 
996 |c V* 53013/O-24173  |l VV25  |s P  |a 0  |w 0078945_0001